01279nab a22002537a 4500999001500000003000400015005001700019008004100036040000700077100003300084245010200117260004200219300001300261500003700274505036100311505008900672650002600761650001800787650002900805650003000834650002600864773012200890942001301012 c6382d6382OSt20260201152601.0190506c xxu||||| |||| 00| 0 spa d cPJ 97025aGauna, Belén Isabel 10aNueva concepción del derecho del trabajo / bBelén Isabel Gauna, Rodrigo Gastón Sánchez.  aBuenos Aires :bAbeledoPerrot,c2023. ap. 26-32 aCita: TR LALEY AR/DOC/1569/2023  aSumario: I. Contrato de trabajo: relación de dependencia.— II. ¿Plataformas digitales como contrato de trabajo?— III. Trabajadores de plataforma: ¿nueva categoría de trabajadores?— IV. Jurisprudencia argentina: principio de la primacía de la realidad.— V. ¿Cómo es en otras partes del mundo?— VI. Conclusiones.— VII. Bibliografía.  t¿Te interesa el texto completo? Comunicate al correo: koha@justierradelfuego.gov.ar 091316aDERECHO LABORAL 09281aINTERNET 091402aJORNADA DE TRABAJO 091323aCONTRATO DE TRABAJO 094193aPROYECTO DE LEY0 0275193202dBuenos Aires : AbeledoPerrot, 2013-tRevista de derecho laboral y seguridad social. Nº 16 - Agosto 2023 2udccANA